000 00607nam a2200181Ia 4500
008 100921s9999 xx 000 0 und d
082 _b43312
_a891.463 न 09
100 _aखापरे मंदा.
245 _aडॉ.नंदा.
260 _bमंगल दीप प्रकाशन, पुणे.
_c2009
300 _a224
_bकलाभारती वितरण,पुणे
365 _b220
520 _aललित-कादंबरी.
630 _aडॉ.नंदा.
650 _aललित-कादंबरी.
730 _aडॉ.नंदा.
942 _cBOOK
999 _c792425
_d792422